Persuasion and power: The art of strategic communication (Record no. 178268)

MARC details
000 -LEADER
fixed length control field 00394nam a2200145Ia 4500
008 - FIXED-LENGTH DATA ELEMENTS--GENERAL INFORMATION
fixed length control field 230917s9999||||xx |||||||||||||| ||und||
040 ## - CATALOGING SOURCE
-- 214929
Original cataloging agency VIVEKANANDA LIBRARY
041 ## - Language
-- English
082 ## - DDC NUMBER
Classification number 320.014 F253P
100 ## - MAIN ENTRY--PERSONAL NAME
Personal name Farwell, James P
245 #0 - TITLE STATEMENT
Title Persuasion and power: The art of strategic communication
260 ## - PUBLICATION, DISTRIBUTION, ETC. (IMPRINT)
Place of publication, distribution, etc New Delhi
Name of publisher, distributor, etc K W Publishers
Date of publication, distribution, etc 2012
300 ## - PHYSICAL DESCRIPTION
Pages xxi, 282 p.
942 ## - ADDED ENTRY ELEMENTS (KOHA)
Koha item type Books
Holdings
Withdrawn status Lost status Damaged status Not for loan Location (home branch) Sublocation or collection (holding branch) Date acquired Koha issues (times borrowed) Koha full call number Accession No. Koha date last seen Koha item type
        VIVEKANANDA LIBRARY VIVEKANANDA LIBRARY 22/03/2014   320.014 F253P 340353 17/09/2023 Books
        VIVEKANANDA LIBRARY VIVEKANANDA LIBRARY 22/03/2014   320.014 F253P 346954 17/09/2023 Books
© Designed and Maintained by Vivekananda Library, MDU Rohtak